Loreto College Library, Kolkata
WEBOPAC (ONLINE PUBLIC ACCESS CATALOGUE)

Cours de langue et de civilisation francaises (Record no. 24510)

MARC details
000 -LEADER
fixed length control field 00483nam a2200181Ia 4500
008 - FIXED-LENGTH DATA ELEMENTS--GENERAL INFORMATION
fixed length control field 131103s9999 xx 000 0 und d
040 ## - CATALOGING SOURCE
Original cataloging agency Loreto College
041 ## - LANGUAGE CODE
Language code English
082 ## - DDC | ডিউই
Classification number | বর্গসংখ্যা 841/MAU
Book Number | গ্রন্থাঙ্ক LCLIB/19172
100 ## - MAIN ENTRY--PERSONAL NAME | মুখ্য সংলেখ - ব্যাক্তিনাম
Personal name | ব্যাক্তিনাম Mauger, G
245 ## - TITLE STATEMENT | অাখ্যা বিবরণী
Title | অাখ্যা Cours de langue et de civilisation francaises
Statement of responsibility | লেখকের দায়িত্বের বিবরণ G. Mauger
260 ## - IMPRINT | প্রকাশনা ক্ষেত্র
Place of publication | প্রকাশ স্থান Paris
Name of publisher | প্রকাশকের নাম Librairie
Date of publication | প্রকাশ কাল 1949
300 ## - PHYSICAL DESCRIPTION |
Page / Vol. No | পৃষ্ঠা / খন্ড সংখ্যা 227p.
504 ## - BIBLIOGRAPHY, ETC. NOTE
Bibliography, etc Includes index
650 ## - SUBJECT ADDED ENTRY--TOPICAL TERM | বিষয় শিরোনাম - মূল বিষয়
Topical term | মূল বিষয় Franch literature
850 ## - HOLDING INSTITUTION
Holding institution LCLIB/841/MAU
942 ## - ADDED ENTRY ELEMENTS (KOHA)
Koha item type Books
Holdings
Withdrawn status Lost status Damaged status Not for loan Home library Current library Date acquired Total Checkouts Full call number Accession No. Date last seen Price effective from Koha item type
        Loreto College Loreto College 04/11/2013   841/MAU LCLIB/19172 B27232 04/11/2013 04/11/2013 Books